00483nam a2200193Ia 4500008004100000020001800041050002300059050001700082100002100099245003300120245002200153260001500175260001700190260000900207300001500216300002000231300001100251650002700262160621s9999 xx 000 0 und d a1-903112-11-7 aComSc TK 5105.875  b.I57H43 2008 aHeatcote, O.H.U. aBasic internet for schools / cO.H.U. Heathcote. aNew York : bMcGraw-Hill, c2000 a59 pages : billustrations ; c30 cm. aInternet in education.